Combinatorics '81, in honour of Beniamino Serge
সংরক্ষণ করুন:
| প্রধান লেখক: | , , |
|---|---|
| বিন্যাস: | গ্রন্থ |
| ভাষা: | ইংরেজি |
| প্রকাশিত: |
Amsterdam
North-Holland
1983
|
| মালা: | Annals of discrete mathematics, 18
|
| বিষয়গুলি: | |
| ট্যাগগুলো: |
ট্যাগ যুক্ত করুন
কোনো ট্যাগ নেই, প্রথমজন হিসাবে ট্যাগ করুন!
|
MARC
| LEADER | 00000nam a2200000 a 4500 | ||
|---|---|---|---|
| 001 | UCP1071 | ||
| 003 | CL-VaPUC | ||
| 005 | 20231123095004.0 | ||
| 008 | 990326e19830000ne 1 eng d | ||
| 082 | 0 | 4 | |a 511.6 |b BAR |2 21 |
| 100 | 1 | |a Barlotti, Adriano |e author |9 619388 | |
| 700 | 1 | |a Ceccherini, P. V |e author |9 619389 | |
| 700 | 1 | |a Tallini, G |e author |9 619390 | |
| 245 | 1 | 0 | |a Combinatorics '81, in honour of Beniamino Serge |
| 260 | |a Amsterdam |b North-Holland |c 1983 | ||
| 300 | |a 823 p | ||
| 490 | 0 | |a Annals of discrete mathematics, 18 | |
| 583 | |a last modification |c 19990326 00:00:00 |k Rodrigo Vera | ||
| 600 | 1 | 7 | |a SERGE, BENIAMINO |2 CL-VaPUC |9 619391 |
| 650 | 0 | 0 | |a Análisis combinatorio |9 269849 |
| 650 | 0 | 0 | |a Ortogonalidad |9 425451 |
| 650 | 0 | 7 | |a PLANOS PROYECTIVOS |2 CL-VaPUC |9 426033 |
| 650 | 0 | 7 | |a GEOMETRIA NO EUCLIDEA |2 CL-VaPUC |9 619392 |
| 650 | 0 | 0 | |a Congresos |9 257560 |
| 942 | |c BK | ||
| 945 | |a crobeson |d 19990326 00:00:00 | ||
| 546 | |a En Inglés | ||
| 518 | |p International Conference on Combinatorial Geometrics and their Applications, Roma, 7 al 12 de junio de 1981 | ||
| 999 | |c 383374 |d 383372 | ||
| 952 | |0 0 |1 0 |4 0 |6 511_600000000000000_BAR_1983 |7 0 |8 A |9 505472 |a BIBMAT |b BIBMAT |d 2020-01-23 |i 1334034 |o 511.6 BAR 1983 |p 1334034 |r 2025-01-07 |w 2020-01-23 |y BK |k MAT | ||